00504 a2200181 450000100060000002000150000604000240002110000240004524000370006924500320010630000070013836200090014544000130015465000240016794200070019195201070019899900170030545890 a8526217208 cAnchieta - Aquarius aAlbergaria, Lino de10aCoração conta diferentelpor10aCoração conta diferente a230 a1992 1aScipione 4aLiteratura infantil cBK 00104070a87.1b87.1d2023-11-21l0oLI 028.5 ALB CORp3164/AQUr2023-11-21 15:12:09w2023-11-21yBK c45890d45890